रामावतार त्यागी (Record no. 969528)

MARC details
000 -LEADER
fixed length control field 00400nam a2200133Ia 4500
008 - FIXED-LENGTH DATA ELEMENTS--GENERAL INFORMATION
fixed length control field 151001s9999||||xx |||||||||||||| ||und||
100 ## - MAIN ENTRY--PERSONAL NAME
Personal name सुमन क्षेत्रमाडे
245 ## - TITLE STATEMENT
Title रामावतार त्यागी
250 ## - EDITION STATEMENT
Edition statement 1
260 ## - PUBLICATION, DISTRIBUTION, ETC. (IMPRINT)
Name of publisher, distributor, etc मनोविकास प्रकाशन पुणे
260 ## - PUBLICATION, DISTRIBUTION, ETC. (IMPRINT)
Date of publication, distribution, etc 1986
300 ## - PHYSICAL DESCRIPTION
Extent 112
365 ## - TRADE PRICE
Price amount 18

No items available.